Central Library OPAC University of Rajshahi

Genetics, genetic engineering and biotechnology in fisheries / (Record no. 82069)

MARC details
000 -LEADER
fixed length control field 00828nam a2200253 a 4500
001 - CONTROL NUMBER
control field 82069
003 - CONTROL NUMBER IDENTIFIER
rucl marc code BD-RjUL
005 - DATE AND TIME OF LATEST TRANSACTION
control field 20231009122741.0
008 - FIXED-LENGTH DATA ELEMENTS--GENERAL INFORMATION
fixed length control field 231009s2013 ii ||||| |||| 00| 0 eng d
020 ## - INTERNATIONAL STANDARD BOOK NUMBER
International Standard Book Number 978-8171641499
035 ## - SYSTEM CONTROL NUMBER
System control number (BD-RjUL)82069
040 ## - CATALOGING SOURCE
Original cataloging agency BD-RjUL
Language of cataloging eng
Transcribing agency BD-RjUL
041 ## - LANGUAGE CODE
Language code of text/sound track or separate title eng
082 ## - DEWEY DECIMAL CLASSIFICATION NUMBER
Edition number 23
Classification number 597
Author mark and year LAG 2013
100 ## - MAIN ENTRY--PERSONAL NAME
Personal name Lakra, W. S.
9 (RLIN) 9427
245 ## - TITLE STATEMENT
Title Genetics, genetic engineering and biotechnology in fisheries /
Statement of responsibility, etc. W. S. Lakra (Author), A. Gopalakrishnan (Author),
260 ## - PUBLICATION, DISTRIBUTION, ETC. (IMPRINT)
Place of publication, distribution, etc. New Delhi :
Name of publisher, distributor, etc. Indian Council of Agricultural Research,
Date of publication, distribution, etc. 2013
300 ## - PHYSICAL DESCRIPTION
Pagination viii, 209 pages :
Illustrations illustrations ;
Size 25 cm.
650 ## - SUBJECT ADDED ENTRY--TOPICAL TERM
Topical term or geographic name as entry element Marine biotechnology
9 (RLIN) 9103
Topical term or geographic name as entry element Fishes
General subdivision Genetic engineering
9 (RLIN) 9097
Topical term or geographic name as entry element Fishes
General subdivision Genetics
700 ## - ADDED ENTRY--PERSONAL NAME
Personal name Gopalakrishnan, A.
942 ## - ADDED ENTRY ELEMENTS (KOHA)
Source of classification or shelving scheme Dewey Decimal Classification
Koha item type Books
Holdings
Lost status Source of classification or shelving scheme Damaged status Not for loan Collection code Permanent Location Current Location Shelving location Date acquired Source of acquisition Cost, normal purchase price Total Checkouts Full call number Date last seen Copy number Koha item type
  Dewey Decimal Classification   Not For Loan Non-fiction Central Library, University of Rajshahi Central Library, University of Rajshahi Reading Room 06/08/2023 Dhaka: Omni Concept 500.00   597 LAG 2013 09/10/2023 C-1 Books
  Dewey Decimal Classification     Non-fiction Central Library, University of Rajshahi Central Library, University of Rajshahi General Stacks 06/08/2023 Dhaka: Omni Concept 500.00   597 LAG 2013 09/10/2023 C-2 Books